Surnoms d'anciens joueurs des Expos de Montréal - Statistiques

Statistiques générales
  • Ce quiz a été pris 103 fois
  • Le résultat moyen est 10 sur 21
Statistiques - réponses
Hint Réponse % Correct
Le Kid Gary Carter
97%
Le Hawk Andre Dawson
87%
El Presidente Dennis Martinez
83%
Le Rock Tim Raines
74%
Le Grand Orange Rusty Staub
73%
Cro Warren Cromartie
66%
Le Gros Chat Andres Galarraga
64%
Spaceman Bill Lee
60%
Oh Henry! Henry Rodriguez
60%
Frenchie Claude Raymond
53%
Eli Tim Wallach
53%
Oil Can Dennis Boyd
45%
Panque Felipe Alou
29%
Charlie Hustle Pete Rose
29%
Terminator Jeff Reardon
23%
Tito Terry Francona
20%
Le Gros Crapaud Hideki Irabu
16%
Candy Man John Candelaria
13%
Wonderdog Rex Hudler
5%
Le Vautour Bill Sampen
3%
Monsieur Mars Darren Reed
1%
Aucun quiz correspondant
Distribution des résultats
% des personnes avec chaque résultat
Percentile par nombre de réponses
Votre historique - résultats
Vous n’avez pas pris ce quiz